Contactología clínica
Saved in:
| Hovedforfatter: | |
|---|---|
| Format: | Bog |
| Sprog: | spansk |
| Udgivet: |
Barcelona
Masson
2001
|
| Fag: | |
| Tags: |
Tilføj Tag
Ingen Tags, Vær først til at tagge denne postø!
|
MARC
| LEADER | 00000nam a2200000 a 4500 | ||
|---|---|---|---|
| 001 | UCL7162 | ||
| 003 | CL-VaPUC | ||
| 008 | 040507e20010000SP |||||||||||||||||spa|d | ||
| 020 | |a 8445810677 | ||
| 082 | 0 | 4 | |a 617.7523 |b SAO |2 21 |
| 100 | 0 | |a Saona Santos, Carlos Luis |e author |9 484969 | |
| 245 | 1 | 0 | |a Contactología clínica |
| 300 | |a 439 p | ||
| 942 | |c BK | ||
| 945 | |d 20040507 00:00:00 |a cmena | ||
| 260 | |a Barcelona |b Masson |c 2001 | ||
| 500 | |a Incluye Cd-Rom | ||
| 650 | 7 | |a DISPOSITIVOS OPTICOS |2 CL-VaPUC |9 433969 | |
| 650 | 7 | |a OPTOMETRIA |2 CL-VaPUC |9 484970 | |
| 650 | 7 | |a LENTES |2 CL-VaPUC |9 392940 | |
| 583 | |a last modification |c 20040507 00:00:00 |k Rodrigo Vera | ||
| 999 | |c 309016 |d 309014 | ||
| 952 | |0 0 |1 0 |4 0 |6 617_752300000000000_SAO_2001 |7 0 |8 A |9 376082 |a BIBCUR |b BIBCUR |d 2019-11-21 |i 4012321 |l 1 |m 2 |o 617.7523 SAO 2001 |p 4012321 |r 2025-04-22 |s 2024-10-16 |w 2019-11-21 |y BK |k BCB | ||
| 952 | |0 0 |1 0 |4 0 |6 617_752300000000000_SAO_2001 |7 0 |8 A |9 376083 |a BIBCUR |b BIBCUR |d 2019-11-21 |i 401233K |l 1 |m 2 |o 617.7523 SAO 2001 |p 401233K |r 2025-04-22 |s 2024-10-23 |w 2019-11-21 |y BK |k BCB | ||
| 952 | |0 0 |1 0 |4 0 |6 617_752300000000000_SAO_2001 |7 0 |8 A |9 376084 |a BIBCUR |b BIBCUR |d 2019-11-21 |i 4090772 |l 3 |o 617.7523 SAO 2001 |p 4090772 |r 2025-04-22 |s 2023-11-30 |w 2019-11-21 |y BK |k FIS | ||
| 952 | |0 0 |1 0 |4 0 |6 617_752300000000000_SAO_2001 |7 0 |8 A |9 376085 |a BIBCUR |b BIBCUR |d 2019-11-21 |i 4102347 |o 617.7523 SAO 2001 |p 4102347 |r 2025-04-22 |w 2019-11-21 |y BK |k TEM | ||
| 952 | |0 0 |1 0 |4 0 |6 617_752300000000000_SAO_2001 |7 0 |8 A |9 376086 |a BIBCUR |b BIBCUR |d 2019-11-21 |i 4102355 |l 6 |m 7 |o 617.7523 SAO 2001 |p 4102355 |r 2025-04-22 |s 2025-03-13 |w 2019-11-21 |y BK |k TEM | ||